<?xml version="1.0" encoding="UTF-8"?>
<record
    xmlns:xsi="http://www.w3.org/2001/XMLSchema-instance"
    xsi:schemaLocation="http://www.loc.gov/MARC21/slim http://www.loc.gov/standards/marcxml/schema/MARC21slim.xsd"
    xmlns="http://www.loc.gov/MARC21/slim">

  <leader>00612nam a22001577a 4500</leader>
  <controlfield tag="003">OSt</controlfield>
  <controlfield tag="005">20151026150732.0</controlfield>
  <controlfield tag="008">151026b        xxu||||| |||| 00| 0 eng d</controlfield>
  <datafield tag="040" ind1=" " ind2=" ">
    <subfield code="c">RUA</subfield>
  </datafield>
  <datafield tag="082" ind1=" " ind2=" ">
    <subfield code="a">AVM LY 2012 B103 Or.1</subfield>
  </datafield>
  <datafield tag="100" ind1=" " ind2=" ">
    <subfield code="9">2895</subfield>
    <subfield code="a">LY SATRA.</subfield>
  </datafield>
  <datafield tag="245" ind1=" " ind2=" ">
    <subfield code="a">the study of controlling at slaugter houses in kampong bay district, kampot province (&#x1780;&#x17B6;&#x179A;&#x179F;&#x17B7;&#x1780;&#x17D2;&#x179F;&#x17B6;&#x179B;&#x17BE;&#x1780;&#x17B6;&#x179A;&#x1782;&#x17D2;&#x179A;&#x1794;&#x17CB;&#x1782;&#x17D2;&#x179A;&#x1784;&#x1791;&#x17B8;&#x179F;&#x178F;&#x17D2;&#x178F;&#x1783;&#x17B6;&#x178A; &#x179F;&#x17D2;&#x179A;&#x17BB;&#x1780;&#x1780;&#x17C6;&#x1796;&#x1784;&#x17CB;&#x1794;&#x17B6;&#x1799; &#x1781;&#x17C1;&#x178F;&#x17D2;&#x178F;&#x1780;&#x17C6;&#x1796;&#x178F;)</subfield>
  </datafield>
  <datafield tag="260" ind1=" " ind2=" ">
    <subfield code="a">Phnom Penh</subfield>
    <subfield code="b">RUA</subfield>
    <subfield code="c">2012</subfield>
  </datafield>
  <datafield tag="300" ind1=" " ind2=" ">
    <subfield code="a">viii, 39p.</subfield>
    <subfield code="b">ill.</subfield>
    <subfield code="c">29cm.</subfield>
  </datafield>
  <datafield tag="942" ind1=" " ind2=" ">
    <subfield code="2">ddc</subfield>
    <subfield code="c">AVM</subfield>
  </datafield>
  <datafield tag="999" ind1=" " ind2=" ">
    <subfield code="c">2713</subfield>
    <subfield code="d">2713</subfield>
  </datafield>
  <datafield tag="952" ind1=" " ind2=" ">
    <subfield code="0">0</subfield>
    <subfield code="1">0</subfield>
    <subfield code="2">ddc</subfield>
    <subfield code="4">0</subfield>
    <subfield code="6">AVM_LY_2012_000000000000000_B103_OR_1</subfield>
    <subfield code="7">0</subfield>
    <subfield code="9">12913</subfield>
    <subfield code="a">LBB</subfield>
    <subfield code="b">LBB</subfield>
    <subfield code="c">B103</subfield>
    <subfield code="d">2015-10-26</subfield>
    <subfield code="o">AVM LY 2012 B103 Or.1</subfield>
    <subfield code="p">RUA019231</subfield>
    <subfield code="r">2015-10-26</subfield>
    <subfield code="w">2015-10-26</subfield>
    <subfield code="y">AVM</subfield>
  </datafield>
  <datafield tag="952" ind1=" " ind2=" ">
    <subfield code="0">0</subfield>
    <subfield code="1">0</subfield>
    <subfield code="2">ddc</subfield>
    <subfield code="4">0</subfield>
    <subfield code="6">AVM_LY_2012_000000000000000_B103_OR_2</subfield>
    <subfield code="7">0</subfield>
    <subfield code="9">12914</subfield>
    <subfield code="a">LBB</subfield>
    <subfield code="b">LBB</subfield>
    <subfield code="c">B103</subfield>
    <subfield code="d">2015-10-26</subfield>
    <subfield code="o">AVM LY 2012 B103 Or.2</subfield>
    <subfield code="p">RUA019087</subfield>
    <subfield code="r">2015-10-26</subfield>
    <subfield code="w">2015-10-26</subfield>
    <subfield code="y">AVM</subfield>
  </datafield>
  <datafield tag="952" ind1=" " ind2=" ">
    <subfield code="0">0</subfield>
    <subfield code="1">0</subfield>
    <subfield code="2">ddc</subfield>
    <subfield code="4">0</subfield>
    <subfield code="6">AVM_LY_2012_000000000000000_B103_OR_3</subfield>
    <subfield code="7">0</subfield>
    <subfield code="9">12915</subfield>
    <subfield code="a">LBB</subfield>
    <subfield code="b">LBB</subfield>
    <subfield code="c">B103</subfield>
    <subfield code="d">2015-10-26</subfield>
    <subfield code="o">AVM LY 2012 B103 Or.3</subfield>
    <subfield code="p">RUA018046</subfield>
    <subfield code="r">2015-10-26</subfield>
    <subfield code="w">2015-10-26</subfield>
    <subfield code="y">AVM</subfield>
  </datafield>
  <datafield tag="952" ind1=" " ind2=" ">
    <subfield code="0">0</subfield>
    <subfield code="1">0</subfield>
    <subfield code="2">ddc</subfield>
    <subfield code="4">0</subfield>
    <subfield code="6">AVM_LY_2012_000000000000000_B103_OR_4</subfield>
    <subfield code="7">0</subfield>
    <subfield code="9">12916</subfield>
    <subfield code="a">LBB</subfield>
    <subfield code="b">LBB</subfield>
    <subfield code="c">B103</subfield>
    <subfield code="d">2015-10-26</subfield>
    <subfield code="o">AVM LY 2012 B103 Or.4</subfield>
    <subfield code="p">RUA009860</subfield>
    <subfield code="r">2015-10-26</subfield>
    <subfield code="w">2015-10-26</subfield>
    <subfield code="y">AVM</subfield>
  </datafield>
  <datafield tag="952" ind1=" " ind2=" ">
    <subfield code="0">0</subfield>
    <subfield code="1">0</subfield>
    <subfield code="2">ddc</subfield>
    <subfield code="4">0</subfield>
    <subfield code="6">AVM_LY_2012_000000000000000_B103_OR_5</subfield>
    <subfield code="7">0</subfield>
    <subfield code="9">12917</subfield>
    <subfield code="a">LBB</subfield>
    <subfield code="b">LBB</subfield>
    <subfield code="c">B103</subfield>
    <subfield code="d">2015-10-26</subfield>
    <subfield code="o">AVM LY 2012 B103 Or.5</subfield>
    <subfield code="p">RUA008519</subfield>
    <subfield code="r">2015-10-26</subfield>
    <subfield code="w">2015-10-26</subfield>
    <subfield code="y">AVM</subfield>
  </datafield>
  <datafield tag="952" ind1=" " ind2=" ">
    <subfield code="0">0</subfield>
    <subfield code="1">0</subfield>
    <subfield code="2">ddc</subfield>
    <subfield code="4">0</subfield>
    <subfield code="6">AVM_LY_2012_000000000000000_B1_230_OR_1</subfield>
    <subfield code="7">0</subfield>
    <subfield code="9">79400</subfield>
    <subfield code="a">LBB</subfield>
    <subfield code="b">LBB</subfield>
    <subfield code="c">B1.330</subfield>
    <subfield code="d">2019-07-15</subfield>
    <subfield code="o">AVM LY 2012 B1.230 Or.1</subfield>
    <subfield code="p">A37219</subfield>
    <subfield code="r">2019-07-15</subfield>
    <subfield code="w">2019-07-15</subfield>
    <subfield code="y">AVM</subfield>
  </datafield>
</record>
